kku e-library facility

All-inclusive Calculations in Physics for Senior Secondary Schools (Record no. 196)

MARC details
000 -LEADER
fixed length control field 00425nam a2200133 4500
005 - DATE AND TIME OF LATEST TRANSACTION
control field 20260325115728.0
008 - FIXED-LENGTH DATA ELEMENTS--GENERAL INFORMATION
fixed length control field 260325b |||||||| |||| 00| 0 eng d
020 ## - INTERNATIONAL STANDARD BOOK NUMBER
International Standard Book Number 978-978-49081-3-9
100 ## - MAIN ENTRY--PERSONAL NAME
Personal name Yakwo Solomon Dauda
245 ## - TITLE STATEMENT
Title All-inclusive Calculations in Physics for Senior Secondary Schools
Statement of responsibility, etc. /Solomon Dauda Yakwo
260 ## - PUBLICATION, DISTRIBUTION, ETC.
Place of publication, distribution, etc. Abuja;
Name of publisher, distributor, etc. Reese Mau Concepts Ltd;
Date of publication, distribution, etc. 2010
300 ## - PHYSICAL DESCRIPTION
Extent XIV,465p.ill;
Dimensions 29cm
942 ## - ADDED ENTRY ELEMENTS (KOHA)
Source of classification or shelving scheme Library of Congress Classification
Suppress in OPAC No
Koha item type Books

No items available.

©2025 All rights reserved. KKU